Loading...
| Fine Arts - Other | 0 | 3 | 0 | 1 | 30 | 113 | 134.00 | 1 | 1 | 1.64 | 8.93 |
| Fine Arts - Painting and Sculpture | 0 | 3 | 0 | 1 | 30 | 115 | 128.67 | 0 | 0 | 3.25 | 7.79 |
| History - American | 0 | 2 | 0 | 2 | 20 | 140 | 147.00 | 0 | 0 | 0.22 | 3.17 |
| Social Science | 0 | 2 | 0 | 0 | 20 | 101 | 117.50 | 0 | 1 | 2.62 | 5.88 |
| Literature - Drama | 1 | 0 | 0 | 0 | 15 | 62 | 62.00 | 1 | 1 | 7.66 | 12.50 |
| Religion | 0 | 1 | 0 | 0 | 10 | 123 | 123.00 | 0 | 1 | 1.42 | 9.52 |
| Science - Chemistry | 0 | 1 | 0 | 0 | 10 | 152 | 152.00 | 0 | 0 | 0.06 | 1.30 |
| History - World | 0 | 1 | 0 | 1 | 10 | 143 | 143.00 | 0 | 0 | 0.04 | 0.89 |
| Literature - Poetry | 0 | 1 | 0 | 1 | 10 | 145 | 145.00 | 0 | 0 | 0.00 | 1.30 |
| Literature - Short Fiction | 0 | 1 | 0 | 0 | 10 | 139 | 139.00 | 0 | 0 | 7.36 | 7.14 |
| History - European | 0 | 1 | 0 | 1 | 10 | 144 | 144.00 | 0 | 0 | 0.06 | 1.30 |
| Geography | 0 | 0 | 1 | 0 | -5 | 0.00 | 0 | 0 | 0.00 | 0.00 | |
| Fine Arts - Classical Music | 0 | 0 | 1 | 0 | -5 | 0.00 | 0 | 0 | 0.00 | 0.00 | |
| Science - Other | 0 | 0 | 1 | 0 | -5 | 0.00 | 0 | 0 | 0.00 | 0.00 | |
| Philosophy | 0 | 0 | 2 | 0 | -10 | 0.00 | 0 | 0 | 0.07 | 9.09 |